000 00688nam a2200289Ia 4500
005 20260324120712.0
008 008 260324s9999 xx 000 0 eng d
020 _a9780203768280
037 _aEBOOK
040 _aCRL
040 _beng
040 _cCRL
041 _2eng
041 _aeng
084 _qCRL
100 _aKobus Marais
_91117389
245 0 _aTranslation Theory and Development Studies
245 2 _bA Complexity Theory Approach
260 _bTaylor and Francis
260 _c2014
365 _a
365 _b240
856 _uhttp://www.taylorfrancis.com/books/9780203768280
942 _cEBOOK
999 _c1751295
_d1751295